Organisational behaviour: (Record no. 19197)

MARC details
000 -LEADER
fixed length control field 03747 a2200421 4500
005 - DATE AND TIME OF LATEST TRANSACTION
control field 20081013150556.0
008 - FIXED-LENGTH DATA ELEMENTS--GENERAL INFORMATION
fixed length control field 081013t xxu||||| |||| 00| 0 eng d
010 ## - LCCN (DPL NO)
LC control number ENG-91861
020 ## - INTERNATIONAL STANDARD BOOK NUMBER
Terms of availability 360.00
035 ## - SYSTEM CONTROL NUMBER
System control number EN-75394
035 ## - SYSTEM CONTROL NUMBER
System control number B-340879-890
037 ## - SOURCE OF ACQUISITION
Source of stock number/acquisition DBAD / PUB Himalaya Publishing House
040 ## - CATALOGING SOURCE
Original cataloging agency dpl
Language of cataloging English
082 ## - DEWEY DECIMAL CLASSIFICATION NUMBER
Classification number 658.1
100 ## - MAIN ENTRY--PERSONAL NAME
Personal name Aswathappa, K.
245 ## - TITLE STATEMENT
Title Organisational behaviour:
Statement of responsibility, etc by K. Aswathappa
Remainder of title text, cases & games /
250 ## - EDITION STATEMENT
Edition statement 8th rev. ed
260 ## - PUBLICATION, DISTRIBUTION, ETC. (IMPRINT)
Place of publication, distribution, etc New Delhi
Name of publisher, distributor, etc Himalaya Publishing House
Date of publication, distribution, etc 2009
270 ## - ADDRESS
Address Pooja Apartments, 4-=B, Murari Lal Street, Ansari Raod, Daryaganj,
City New Delhi
Postal code 110002
300 ## - PHYSICAL DESCRIPTION
Extent 604p.
Dimensions 28cm(pbk)
500 ## - GENERAL NOTE
General note Includes index
650 ## - SUBJECT ADDED ENTRY--TOPICAL TERM
Topical term or geographic name as entry element Organizational behavior
942 ## - ADDED ENTRY ELEMENTS (KOHA)
Institution code [OBSOLETE] dpl
Item type English Books
Source of classification or shelving scheme Dewey Decimal Classification
Classification part 658.1
Call number suffix ASW
Holdings
Withdrawn status Lost status Source of classification or shelving scheme Damaged status Not for loan Collection code Home library Current library Date acquired Source of acquisition Cost, normal purchase price Total Checkouts Full call number Barcode Date last seen Copy number Cost, replacement price Koha item type Total Renewals Public note
    Dewey Decimal Classification     Non-fiction Bagh Kadhe Khan Bagh Kadhe Khan 24/10/2009 Himalaya Pub. House/A430670/10.6.09/38/5.6.09/17.6.09 375.00 3 658.1 ASW B-340887 08/03/2022 1 375.00 English Books 5  
    Dewey Decimal Classification     Non-fiction Bawana Bawana 24/10/2009 Himalaya Pub. House/A430670/10.6.09/38/5.6.09/17.6.09 375.00 2 658.1 ASW B-340889 29/07/2022 1 375.00 English Books    
    Dewey Decimal Classification     Non-fiction Central Library Central Library 19/02/2009 Himalaya Pub. House/A430670/10.6.09/38/5.6.09/17.6.09 360.00 7 658.1 ASW B-340879 02/08/2023 1 360.00 English Books 5  
    Dewey Decimal Classification   Not For Loan Non-fiction D.B.Act.Division D.B.Act.Division 01/12/2008 DBAD / PUB 360.00   658.1 ASW EN-75394 26/11/2008 1 360.00 English Books    
    Dewey Decimal Classification     Non-fiction Janak Puri Janak Puri 24/10/2009 Himalaya Pub. House/A430670/10.6.09/38/5.6.09/17.6.09 375.00 26 658.1 ASW B-340883 12/07/2014 1 375.00 English Books 13  
    Dewey Decimal Classification     Non-fiction Karol Bagh Karol Bagh 24/10/2009 Himalaya Pub. House/A430670/10.6.09/38/5.6.09/17.6.09 375.00   658.1 ASW B-340886 24/10/2009 1 375.00 English Books    
Written off   Dewey Decimal Classification     Non-fiction Narela Narela 24/10/2009 Himalaya Pub. House/A430670/10.6.09/38/5.6.09/17.6.09 375.00   658.1 ASW B-340888 24/10/2009 1 375.00 English Books   Written off on approval by DLB (By Circulation); dtd 20.12.2022
  Written-off vide DLB M. No. 383 dt 16.05.19 Dewey Decimal Classification     Non-fiction Patel Nagar Patel Nagar 24/10/2009 Himalaya Pub. House/A430670/10.6.09/38/5.6.09/17.6.09 375.00   658.1 ASW B-340880 24/10/2009 1 375.00 English Books    
    Dewey Decimal Classification     Non-fiction Peshwa Road Peshwa Road 24/10/2009 Himalaya Pub. House/A430670/10.6.09/38/5.6.09/17.6.09 375.00   658.1 ASW B-340881 24/10/2009 1 375.00 English Books    
  Written-off vide DLB M. No. 383 dt 16.05.19 Dewey Decimal Classification     Non-fiction Sarojini Nagar Sarojini Nagar 24/10/2009 Himalaya Pub. House/A430670/10.6.09/38/5.6.09/17.6.09 375.00   658.1 ASW B-340884 16/10/2012 1 375.00 English Books    
    Dewey Decimal Classification     Non-fiction Sarojini Nagar Sarojini Nagar 08/04/2019     6 658.1 ASW B-306116 18/01/2025     English Books 8  
    Dewey Decimal Classification     Non-fiction Shahdara Branch Shahdara Branch 24/10/2009 Himalaya Pub. House/A430670/10.6.09/38/5.6.09/17.6.09 375.00   658.1 ASW B-340890 24/10/2009 1 375.00 English Books    
    Dewey Decimal Classification     Non-fiction Tri Nagar Tri Nagar 24/10/2009 Himalaya Pub. House/A430670/10.6.09/38/5.6.09/17.6.09 375.00 1 658.1 ASW B-340882 15/12/2022 1 375.00 English Books 2  
    Dewey Decimal Classification     Non-fiction Vinoba Puri Vinoba Puri 24/10/2009 Himalaya Pub. House/A430670/10.6.09/38/5.6.09/17.6.09 375.00 6 658.1 ASW B-340885 03/09/2024 1 375.00 English Books 1  

© Delhi Public Library
Hit Counter
free hit counter